000
00324nam a22001337a 4500
008
170815b xxu||||| |||| 00| 0 eng d
020
_a
9781931914055
041
_a
eng
080
_a
51
100
_a
36
101
_a
MAT
245
_a
DEVELOPING MATHEMATICS THROUGH APPLICATIONS : ELEMENTARY
_c
CRISLER,N
942
_2
udc
_c
BK
999
_c
23597
_d
23597